000 00528nam a2200169 i 4500
001 27760
003 ES-MaACL
005 20230906153714.0
007 t|
008 030115s1963 sp ||||1| spa d
100 1 _aBaas, Emile.
_924402
245 1 0 _aIntroducción crítica al marxismo /
_cEmile Baas ; [Traducción revisada por: Antonio Pérez González].
260 _aBarcelona :
_bNova Terra,
_c[1963]
300 _a220 p. ;
_c17 cm.
700 1 _aPérez González, Antonio.
_990909
852 _aES-MaACL
_jC-24695
_bR.52894
999 _c27760
_d27760